| 000 | 00640 a2200193 4500 | ||
|---|---|---|---|
| 999 |
_c183232 _d183232 |
||
| 005 | 20211221135807.0 | ||
| 010 | _aENG-130444 | ||
| 020 |
_a978-93-5460-083-8 _c755.00 |
||
| 035 | _aEN-113976 | ||
| 037 | _bDBAD/PUB | ||
| 082 |
_a658.4033 _b1 |
||
| 100 | _aVohra, N D | ||
| 245 |
_aQuantitative Techniques in Management: _cN D Vohra, Hitesh Arora |
||
| 260 |
_aTamill Nadu _bMcGraw Hill Education Private Limited _c2021 |
||
| 270 |
_a444/1, Sri Ekambara Naicker Industrial Estate, Alapakkam, Porur _bChennai _e600116 |
||
| 300 |
_a832p. _c22cm (pbk) |
||
| 700 | _aArora, Hitesh | ||
| 942 |
_adpl _cEN _2ddc _h658.4033 _mVOH |
||